000 00692nam a2200241Ia 4500
003 OSt
005 20220918214303.0
006 a|||||r|||| 00| 0
007 ta
008 220917b |||||||| |||| 00| 0 eng d
024 _a136,699
037 _cTextual
040 _aARTS
_cARTS
_beng
041 _2eng
_aeng
082 _aY:f, H2-;1 (RR)
100 _aLundberg George A
_9130646
245 0 _aSocial research
_b a study in methods of gathering data
260 _aNew York
_bGreenwood Press
_c1942
300 _axx,426p.
_ccm.
650 _aSOCIOLOGY; RESEARCH METHODS
_913834
942 _hY:f, H2-;1 (RR)
_cTEXL
_2CC
999 _c259789
_d259789